00263nam a2200085Ia 4500008004100000100002700041245003900068260005800107650001200165160725s9999 xx 000 0 und d aGareza, April Apple G. aRethinking the nursing curriculum. bKaizen Research Journal College of NursingcJune 2013 aNURSING